Nomination of W. Paul Thayer to be Deputy Secretary of Defense : hearing before the Committee on Armed Services, United States Senate, Ninety-seventh Congress, second session, on nomination of W. Paul Thayer to be Deputy Secretary of Defense, December 14, 1982.

Bibliographic Details
Corporate Authors: United States. Congress. Senate. Committee on Armed Services, ProQuest (Firm)
Format: Government Document eBook
Language:English
Published: Washington : U.S. G.P.O., 1983.
Series:U.S. Congressional Hearings.
Subjects:
Online Access:Connect to the full text of this electronic book

MARC

Tag First Indicator Second Indicator Subfields
LEADER 00000cam a22000001a 4500
001 in00003219021
005 20190404182042.0
006 m d f
007 cr bn mmmapmmp
008 091015s1983 dcu o f000 0 eng d
035 |a cis2007446582 
040 |a UMI  |c UMI  |d UtOrBLW 
043 |a n-us--- 
074 |a 1034-A, 1034-B (microfiche) 
086 0 |a Y 4.Ar 5/3:T 33 
099 |a HRG-1982-SAS-0029 
110 1 |a United States.  |b Congress.  |b Senate.  |b Committee on Armed Services. 
245 1 0 |a Nomination of W. Paul Thayer to be Deputy Secretary of Defense :  |b hearing before the Committee on Armed Services, United States Senate, Ninety-seventh Congress, second session, on nomination of W. Paul Thayer to be Deputy Secretary of Defense, December 14, 1982. 
264 1 |a Washington :  |b U.S. G.P.O.,  |c 1983. 
300 |a 1 online resource. 
336 |a text  |b txt  |2 rdacontent 
337 |a computer  |b c  |2 rdamedia 
338 |a online resource  |b cr  |2 rdacarrier 
500 |a Record is based on bibliographic data in ProQuest Congressional Hearings Digital Collection. Reuse except for individual research requires license from ProQuest, LLC. 
538 |a System requirements: PDF reader software. 
500 |a Electronic resource. 
600 1 0 |a Thayer, W. Paul,  |d 1919- 
610 1 0 |a United States.  |b Department of Defense  |x Appointments, promotions, salaries, etc. 
655 7 |a Electronic books.  |2 local 
710 2 |a ProQuest (Firm) 
776 0 8 |i Print version:  |a United States. Congress. Senate. Committee on Armed Services.  |t Nomination of W. Paul Thayer to be Deputy Secretary of Defense  |w (OCoLC)09405639  |w gp 83014504 
776 0 8 |i Microfiche version:  |a United States. Congress. Senate. Committee on Armed Services.  |t Nomination of W. Paul Thayer to be Deputy Secretary of Defense.  |d [Bethesda, Md.] : ProQuest,[2004]  |o CIS 83 S201-7  |w (ProQuest)cis08301964 
830 0 |a U.S. Congressional Hearings. 
856 4 0 |u http://proxy.library.tamu.edu/login?url=http://congressional.proquest.com/congcomp/getdoc?HEARING-ID=HRG-1982-SAS-0029  |z Connect to the full text of this electronic book  |t 0 
998 |a cis08301964 
999 |a MARS 
999 f f |s b6cfbafd-e05d-3400-9d85-2aa7586279b3  |i de5a38bf-35d6-356c-bc64-cea66cd91da6  |t 0 
952 f f |a Texas A&M University  |b College Station  |c Electronic Resources  |d Available Online  |t 0  |e HRG-1982-SAS-0029  |h Other scheme 
998 f f |a HRG-1982-SAS-0029  |t 0  |l Available Online